000 00213 a2200097 4500
001 6091
100 _aGelfond, A O
245 _aSolution of equations in integers.
260 _a
_bFreeman
_c
090 _c4989
_d4989
942 _aNUST-CAE
_cM
_c31365
999 _c241164
_d241164